| 000 | 01246nam a2200217 i 4500 | ||
|---|---|---|---|
| 001 | 166475 | ||
| 003 | ES-MaACL | ||
| 005 | 20230906213337.0 | ||
| 008 | 011015s1867 sp af |||| | spa d | ||
| 040 |
_aCCPB | B _bspa _cCCPB | B |
||
| 100 | 1 |
_aTorres, Martín de las. _9133339 |
|
| 245 | 1 | 3 |
_aEl archiduque Maximiliano de Austria en Méjico _b: historia de los acontecimientos ocurridos en el territorio de Méjico, desde que los españoles desembarcaron en Veracruz formando alianza con los franceses e ingleses, hasta la muerte del infortunado Emperador Maximiliano I / _cpor Martín de las Torres. |
| 260 |
_aMadrid : _bLibrería de D.A. de San Martín ; _aBarcelona : _bLibrería de El Plus Ultra, _c1867 ( _eBarcelona : _fimprenta de Luis Tasso) |
||
| 300 |
_a791 p., [21] h. de lám., [1] mapa pleg. ; _c24 cm. |
||
| 530 | _aDisponible en formato digital. | ||
| 599 | _aLas h. de lám.: "Padró y Artigas, Sadurni y Padró, Urrabieta y Carnicero ... " | ||
| 600 | 1 | 4 |
_aMaximiliano _cEmperador de México. _979303 |
| 651 | 4 |
_aMéxico- _xHistoria- _y1861-1867, Intervención europea. _9146885 |
|
| 852 |
_aES-MaACL _jF-1263 _z-- Enc. hol. |
||
| 856 |
_uhttp://bdh-rd.bne.es/viewer.vm?id=0000121638&page=1 _zBiblioteca Digital Hispánica |
||
| 999 |
_c166475 _d166475 |
||